000 00634nam a2200277Ia 4500
005 20260324143024.0
008 008 260324s9999 xx 000 0 eng d
020 _a9781315485171
037 _aEBOOK
040 _aCRL
040 _beng
040 _cCRL
041 _2eng
041 _aeng
084 _qCRL
100 _aMurray A. Rubinstein
_91205682
245 4 _aThe Other Taiwan, 1945-92
260 _bTaylor and Francis
260 _c1993
365 _a
365 _b230
856 _uhttp://www.taylorfrancis.com/books/9781315485171
942 _cEBOOK
999 _c1818994
_d1818994